<?xml version="1.0" encoding="UTF-8"?><?xml-stylesheet type="text/xsl" href="static/style.xsl"?><OAI-PMH xmlns="http://www.openarchives.org/OAI/2.0/" xmlns:xsi="http://www.w3.org/2001/XMLSchema-instance" xsi:schemaLocation="http://www.openarchives.org/OAI/2.0/ http://www.openarchives.org/OAI/2.0/OAI-PMH.xsd"><responseDate>2026-04-26T22:01:31Z</responseDate><request verb="GetRecord" identifier="oai:uvadoc.uva.es:10324/1107" metadataPrefix="marc">https://uvadoc.uva.es/oai/request</request><GetRecord><record><header><identifier>oai:uvadoc.uva.es:10324/1107</identifier><datestamp>2021-06-29T09:24:45Z</datestamp><setSpec>com_10324_38</setSpec><setSpec>col_10324_852</setSpec></header><metadata><record xmlns="http://www.loc.gov/MARC21/slim" xmlns:doc="http://www.lyncode.com/xoai" xmlns:xsi="http://www.w3.org/2001/XMLSchema-instance" xmlns:dcterms="http://purl.org/dc/terms/" xsi:schemaLocation="http://www.loc.gov/MARC21/slim http://www.loc.gov/standards/marcxml/schema/MARC21slim.xsd">
<leader>00925njm 22002777a 4500</leader>
<datafield tag="042" ind1=" " ind2=" ">
<subfield code="a">dc</subfield>
</datafield>
<datafield tag="720" ind1=" " ind2=" ">
<subfield code="a">Cantalejo Herrero, Sandra</subfield>
<subfield code="e">author</subfield>
</datafield>
<datafield tag="260" ind1=" " ind2=" ">
<subfield code="c">2012</subfield>
</datafield>
<datafield tag="520" ind1=" " ind2=" ">
<subfield code="a">Ante una sociedad cambiante a nivel social y cultural, es necesaria una preparación adecuada del maestro de educación infantil para que puedan hacer frente a estos. En primer lugar desde una formación inicial en la Universidad, y posteriormente durante su práctica educativa que deberá alargarse durante todo la vida. Desde este trabajo, pretendemos analizar aquellos aspectos que influyen en la formación de los docentes, los errores cometidos durante la misma ,los cambios necesarios en los planes de estudios para un mejor desarrollo de la práctica docente, y las necesidades formativas que demandan los maestros ante las dificultades que se encuentran en su quehacer diario. Todo ello realizado a través de entrevistas biográfico-narrativas a diferentes maestros de educación infantil que ejercen su profesión en diferentes centros tanto públicos como privados en la provincia de Segovia.</subfield>
</datafield>
<datafield tag="024" ind2=" " ind1="8">
<subfield code="a">http://uvadoc.uva.es/handle/10324/1107</subfield>
</datafield>
<datafield ind1=" " ind2=" " tag="653">
<subfield code="a">Docentes-Formación continuada</subfield>
</datafield>
<datafield ind1=" " ind2=" " tag="653">
<subfield code="a">Docentes-Orientación pedagógica</subfield>
</datafield>
<datafield tag="245" ind1="0" ind2="0">
<subfield code="a">La orientación profesional de los maestros en educación infantil desde una perspectiva biográfico-narrativa</subfield>
</datafield>
</record></metadata></record></GetRecord></OAI-PMH>